00407nam a2200121Ia 4500008004100000020001800041050002600059100003200085245009000117250001200207260004500219300002100264140529s9999 xx 000 0 und d a9780323076968 aRM 301.28b.Ed59 2013 aEdmunds, Marilyn Winterton. aStudy guide for introduction to clinical pharmacology /cMarilyn Winterton Edmunds a7th ed. aSt. Louis, Mo :bMosby/Elsevier,cc2013. a174 p. ;c28 cm.